[Event "EU-ch U14 27th"]
[Site "Mamaia"]
[Date "2017.09.09"]
[Round "5"]
[White "Liveyns, Rune"]
[Black "Constantinou, Ivan"]
[Result "1-0"]
[WhiteElo "1767"]
[BlackElo "1588"]
[PlyCount "61"]
[EventDate "2017.09.05"]
[EventType "swiss"]
[EventRounds "9"]
[EventCountry "ROU"]
[SourceTitle "EXT 2018"]
[Source "ChessBase"]
[SourceDate "2017.10.13"]
[SourceVersion "1"]
[SourceVersionDate "2017.10.13"]
[SourceQuality "1"]

1. e4 c5 2. Nf3 g6 3. d4 cxd4 4. Nxd4 Nc6 5. Nc3 Bg7 6. Be3 Nf6 7. Be2 0-0 8. Nb3 d6 9. 0-0 Be6 10. f4 Qc8 11. Kh1 Bg4 12. Bf3 Bxf3 13. Rxf3 Qd7 14. Qe1 Rad8 15. Rd1 Qc8 16. Qh4 Qg4 17. Qf2 a6 18. Nd4 Qc8 19. Qe1 Ng4 20. Bg1 Nf6 21. Rfd3 d5 22. e5 Ne8 23. Nb3 e6 24. Bc5 d4 25. Bxf8 dxc3 26. Rxd8 Nxd8 27. Bxg7 Nxg7 28. Qxc3 Nc6 29. Na5 Qe8 30. Nxc6 bxc6 31. Qd3 1-0

[Event "EU-ch U14 27th"]
[Site "Mamaia"]
[Date "2017.09.06"]
[Round "2"]
[White "Horobrijs, Daniils"]
[Black "Liveyns, Rune"]
[Result "1-0"]
[WhiteElo "1933"]
[BlackElo "1767"]
[PlyCount "77"]
[EventDate "2017.09.05"]
[EventType "swiss"]
[EventRounds "9"]
[EventCountry "ROU"]
[SourceTitle "CBM 180 Extra"]
[Source "ChessBase"]
[SourceDate "2017.10.06"]
[SourceVersion "1"]
[SourceVersionDate "2017.10.06"]
[SourceQuality "1"]

1. e4 c5 2. Nf3 d6 3. d4 cxd4 4. Nxd4 Nf6 5. Nc3 a6 6. Be2 e5 7. Nb3 Be7 8. 0-0 0-0 9. Be3 Be6 10. Qd3 Nbd7 11. Nd5 Bxd5 12. exd5 b5 13. a4 b4 14. Rfd1 Qc7 15. c4 bxc3 16. bxc3 e4 17. Qc2 Ne5 18. c4 Rfc8 19. Rac1 Rab8 20. Bd4 Ned7 21. Bc3 Qd8 22. Na5 Ne5 23. Bxe5 Qxa5 24. Bc3 Qc5 25. Bd4 Qa5 26. Bc3 Qc5 27. Qd2 Qc7 28. Rb1 Qd7 29. Qa2 Qf5 30. Bd4 Nd7 31. Rxb8 Rxb8 32. Rb1 h6 33. Rxb8+ Nxb8 34. Qb2 Nd7 35. Bxg7 Qg6 36. Bd4 Qf5 37. Qb7 Bg5 38. g4 Qf4 39. Qxd7 1-0

[Event "BEL-ch U14"]
[Site "Blankenberge"]
[Date "2017.04.10"]
[Round "3"]
[White "Liveyns, Rune"]
[Black "Rogge, Parcival"]
[Result "1-0"]
[WhiteElo "1699"]
[BlackElo "1538"]
[PlyCount "59"]
[EventDate "2017.04.09"]
[EventType "swiss"]
[EventRounds "9"]
[EventCountry "BEL"]
[SourceTitle "CBM 178 Extra"]
[Source "ChessBase"]
[SourceDate "2017.06.22"]
[SourceVersion "1"]
[SourceVersionDate "2017.06.22"]
[SourceQuality "1"]

1. e4 c5 2. Nf3 d6 3. d4 cxd4 4. Nxd4 Nf6 5. Nc3 a6 6. Be3 e6 7. f3 Be7 8. Qd2 0-0 9. h4 b5 10. 0-0-0 Bb7 11. a3 Qc7 12. g4 Nc6 13. h5 Rac8 14. g5 Ne8 15. g6 Na5 16. h6 fxg6 17. Nxe6 Qd7 18. hxg7 Nxg7 19. Nxg7 Bf6 20. Bh3 Qxg7 21. Be6+ Rf7 22. Bxf7+ Qxf7 23. Bd4 Nc4 24. Qf2 a5 25. Nxb5 Ba6 26. Bxf6 Qxf6 27. Qd4 Qf4+ 28. Kb1 Ne3 29. Nxd6 Rc6 30. Rxh7 1-0